| 000 | 00517cam a2200217ua 4500 | ||
|---|---|---|---|
| 020 | _c85.00 | ||
| 041 |
_aeng _h |
||
| 082 |
_a634.41 _bBEA/CH |
||
| 100 | _aBear, Firman E . | ||
| 245 |
_aChemistry of the soil / _cFirman E Bear. _hTextual Documents |
||
| 250 |
_a2 / _b. |
||
| 260 |
_aMumbai : _bOxford & IBH Book Company , _c1964. |
||
| 300 | _a515 ; . | ||
| 365 | _a85.00 | ||
| 500 | _a* CSS | ||
| 504 | _a | ||
| 942 | _cBK | ||
| 999 |
_c7174 _d7174 |
||